STRATEGIC BRAND MANAGEMENT (Record no. 38834)

MARC details
000 -LEADER
fixed length control field 00254nam a2200109Ia 4500
008 - FIXED-LENGTH DATA ELEMENTS--GENERAL INFORMATION
fixed length control field 240625s9999 xx 000 0 und d
041 ## - LANGUAGE CODE
Language code of text/sound track or separate title eng
082 ## - DEWEY DECIMAL CLASSIFICATION NUMBER
Classification number 658.827 KEL
100 ## - MAIN ENTRY--PERSONAL NAME
Personal name KELLER KEVIN LANE
245 ## - TITLE STATEMENT
Title STRATEGIC BRAND MANAGEMENT
260 ## - PUBLICATION, DISTRIBUTION, ETC.
Date of publication, distribution, etc. 2012
Holdings
Withdrawn status Lost status Damaged status Not for loan Home library Current library Shelving location Date acquired Source of acquisition Full call number Barcode Date last seen Price effective from Koha item type
        IMTN IMTN Rack 37-A 11/22/2017 32917 658.827 KEL BB774 06/25/2024 06/25/2024 Book Bank
Designed & Maintained by: LRC IMT Nagpur Contact: lrc@imtnag.ac.in© 2024. All Rights Reserved.